Inferno / (Record no. 353319)
[ view plain ]
| 000 -LEADER | |
|---|---|
| fixed length control field | 01298 a2200265 4500 |
| 003 - CONTROL NUMBER IDENTIFIER | |
| control field | OSt |
| 005 - DATE AND TIME OF LATEST TRANSACTION | |
| control field | 20180116192401.0 |
| 008 - FIXED-LENGTH DATA ELEMENTS--GENERAL INFORMATION | |
| fixed length control field | 120703t xxu||||| |||| 00| 0 eng d |
| 020 ## - INTERNATIONAL STANDARD BOOK NUMBER | |
| International Standard Book Number | 0714838152 (hardcover) |
| 020 ## - INTERNATIONAL STANDARD BOOK NUMBER | |
| International Standard Book Number | 9780714838151 (hardcover) |
| 040 ## - CATALOGING SOURCE | |
| Transcribing agency | 0 |
| 082 04 - DEWEY DECIMAL CLASSIFICATION NUMBER | |
| Classification number | 909.8290222 |
| 100 1# - MAIN ENTRY--PERSONAL NAME | |
| Personal name | Nachtwey, James. |
| 9 (RLIN) | 5442 |
| 245 10 - TITLE STATEMENT | |
| Title | Inferno / |
| Statement of responsibility, etc. | James Nachtwey. |
| 250 ## - EDITION STATEMENT | |
| Edition statement | First Edition First State. |
| 260 ## - PUBLICATION, DISTRIBUTION, ETC. | |
| Place of publication, distribution, etc. | London : |
| Name of publisher, distributor, etc. | Phaidon Press, |
| Date of publication, distribution, etc. | 1999. |
| 300 ## - PHYSICAL DESCRIPTION | |
| Extent | 480 p. : |
| Other physical details | ill. ; |
| Dimensions | 39 cm. |
| 520 ## - SUMMARY, ETC. | |
| Summary, etc. | A document of war and strife during the 1990s, this volume of photographs by the photojournalist James Nachtwey includes dramatic and shocking images of human suffering in Rwanda, Somalia, Romania, Bosnia, Chechnya and India, a well as photographs of the conflict in Kosovo. An essay by the author Luc Sante is included. The book is published to coincide with an exhibition of Nachtwey's work at the International Centre of Photography, New York. |
| 650 10 - SUBJECT ADDED ENTRY--TOPICAL TERM | |
| Topical term or geographic name entry element | Documentary photography |
| 9 (RLIN) | 5443 |
| 650 10 - SUBJECT ADDED ENTRY--TOPICAL TERM | |
| Topical term or geographic name entry element | War photography |
| 9 (RLIN) | 5444 |
| 650 10 - SUBJECT ADDED ENTRY--TOPICAL TERM | |
| Topical term or geographic name entry element | Atrocities |
| General subdivision | War |
| 9 (RLIN) | 5445 |
| 856 40 - ELECTRONIC LOCATION AND ACCESS | |
| Materials specified | Amazon.com |
| Uniform Resource Identifier | <a href="http://www.amazon.com/exec/obidos/ASIN/0714838152/chopaconline-20">http://www.amazon.com/exec/obidos/ASIN/0714838152/chopaconline-20</a> |
| 942 ## - ADDED ENTRY ELEMENTS (KOHA) | |
| Institution code [OBSOLETE] | SADA |
| Koha item type | Reference |
| Call number prefix | REF 909.8290222 NAC 1999 |
| Source of classification or shelving scheme | |
| Withdrawn status | Lost status | Source of classification or shelving scheme | Damaged status | Not for loan | Permanent Location | Current Location | Date acquired | Total Checkouts | Full call number | Barcode | Date last seen | Cost, replacement price | Price effective from | Koha item type |
|---|---|---|---|---|---|---|---|---|---|---|---|---|---|---|
| School of Art Design and Architecture (SADA) | School of Art Design and Architecture (SADA) | 06/30/2011 | REF 909.82902 NAC 1999 | SADA0001516 | 08/05/2011 | 9139.00 | 08/05/2011 | Reference |
